Suburbia Overture - Will Wood Lyrics - Statistics

General Stats
  • This quiz has been taken 15 times
    8 since last reset
  • The average score is 510 of 607
Answer Stats
Lyrics % Correct
[๐™‚๐™ง๐™š๐™š๐™ฉ๐™ž๐™ฃ๐™œ๐™จ ๐™›๐™ง๐™ค๐™ข ๐™ˆ๐™–๐™ง๐™ฎ ๐˜ฝ๐™š๐™ก๐™ก ๐™๐™ค๐™ฌ๐™ฃ๐™จ๐™๐™ž๐™ฅ!]
100%
[(๐™‘๐™–๐™ข๐™ฅ๐™ž๐™ง๐™š) ๐˜พ๐™ช๐™ก๐™ฉ๐™ช๐™ง๐™š]
100%
[๐™‡๐™ค๐™ซ๐™š ๐™ˆ๐™š, ๐™‰๐™ค๐™ง๐™ข๐™–๐™ก๐™ก๐™ฎ]
100%
A
100%
a
100%
ain't
100%
an
100%
and
100%
And
100%
and-
100%
apologize
100%
are
100%
baby?
100%
Barbed
100%
b-but
100%
being
100%
blood
100%
Blood,
100%
blood?
100%
blue
100%
brains
100%
building
100%
but
100%
But
100%
Christmas!
100%
cold?
100%
cold
100%
culture
100%
culture,
100%
didn't
100%
die!
100%
die
100%
do
100%
Do
100%
don't
100%
eye
100%
eyed
100%
fences,
100%
for
100%
Go
100%
go
100%
he
100%
He
100%
heart
100%
heartless
100%
hit
100%
home
100%
Home
100%
homeless,
100%
Howdy
100%
I
100%
in
100%
is
100%
It
100%
it
100%
It's
100%
it's
100%
Jesus!
100%
lady?
100%
lights
100%
me
100%
Merry
100%
no
100%
of
100%
Of
100%
Oh,
100%
Oh
100%
OKULTRA,
100%
on
100%
on,
100%
one's
100%
Only
100%
only
100%
or
100%
participation
100%
picket
100%
So,
100%
So
100%
Suburbia!
100%
than
100%
thank
100%
that
100%
that!
100%
the
100%
The
100%
they
100%
to
100%
Treat,
100%
trenches
100%
Trick
100%
trophy
100%
wall
100%
want
100%
we
100%
welcome
100%
what
100%
when
100%
where
100%
Where
100%
White
100%
white
100%
why
100%
wife,
100%
wire
100%
you,
100%
You
100%
you
100%
Your
100%
your
100%
You're
100%
you're
100%
afraid
83%
alone!
83%
around
83%
around)
83%
basement
83%
bed
83%
belong!
83%
billboards
83%
blonde,
83%
breed
83%
Brothers
83%
Camouflage
83%
caught
83%
Ch-ch-chameleon
83%
come
83%
cook
83%
Cover"
83%
crackle-
83%
cums
83%
died
83%
drink
83%
"Duck
83%
elbow
83%
eyes
83%
fake
83%
feed
83%
from
83%
fuck
83%
fucked
83%
Geiger
83%
gets
83%
give
83%
got
83%
gutter,
83%
head
83%
incisors,
83%
jail
83%
jukebox
83%
kiss
83%
Kuru
83%
laugh,
83%
laughing
83%
lead-
83%
like
83%
lined
83%
look
83%
love,
83%
more
83%
my,
83%
my
83%
nails
83%
neighbor,
83%
not
83%
now
83%
number
83%
our
83%
out
83%
paint-
83%
painted
83%
park
83%
pass
83%
Pfizer
83%
pills
83%
pop
83%
radiation
83%
sing
83%
sister
83%
smoke
83%
snap-
83%
stations
83%
Sulfur,
83%
survival,
83%
Takes
83%
torture
83%
town
83%
village
83%
watch
83%
well
83%
Well,
83%
while
83%
whole
83%
Wide-
83%
wine
83%
wired,
83%
word
83%
you've
83%
against
67%
all
67%
AR-15
67%
away
67%
ball
67%
been
67%
bites
67%
blizzard
67%
bonfire,
67%
boys,
67%
Brooks
67%
burn?
67%
business!
67%
buy
67%
by
67%
by-
67%
can
67%
can't
67%
care
67%
cats
67%
certain
67%
crisis
67%
decide
67%
dog
67%
down
67%
down,
67%
dream
67%
dropped
67%
ear
67%
empathy,
67%
Everybody's
67%
everybody's
67%
Everyone
67%
eyeballs
67%
Going
67%
(Good
67%
gotta
67%
grain
67%
grill
67%
half-life
67%
have
67%
Hey,
67%
"Hey,
67%
house
67%
July
67%
just
67%
know
67%
knows
67%
learned
67%
Live,
67%
looked
67%
Lord
67%
market
67%
morning!)
67%
mortal!"
67%
Myers-Briggs,
67%
normal
67%
paradise
67%
parasites
67%
peacocks
67%
pheromones
67%
playground,
67%
please
67%
postman
67%
safest
67%
said,
67%
serotonin
67%
slash-
67%
snowflake
67%
soot
67%
still
67%
talk
67%
things
67%
'til
67%
turn
67%
type
67%
up
67%
vultures
67%
wave,
67%
way
67%
with
67%
4th
50%
AGH,
50%
at
50%
back
50%
between
50%
Culture's
50%
difference
50%
drive-in
50%
foot
50%
friend
50%
Giveth
50%
had
50%
his
50%
If
50%
Job
50%
job
50%
lack
50%
Leave
50%
life
50%
Lot
50%
lot
50%
map
50%
matters
50%
might
50%
nobody
50%
numbers
50%
prove
50%
pull
50%
screaming
50%
Smile
50%
sweetbreads
50%
taketh
50%
teenage
50%
tell
50%
treasure
50%
true
50%
wondering
50%
you'll
50%
author?
33%
blazing
33%
catching
33%
cocked
33%
daughter,
33%
fingerprints
33%
guess
33%
ink
33%
jigsaw
33%
mother,
33%
night
33%
piece
33%
pulled
33%
Rorschach
33%
splinters?
33%
subject,
33%
sucked
33%
too,
33%
trace
33%
trails
33%
trigger
33%
upon
33%
(Were
33%
Were
33%
book
17%
Dass
17%
Leary?
17%
make
17%
rules,
17%
Smell
17%
them
17%
those
17%
throw
17%
write
17%
Freud
0%
Jung
0%
Nabokov
0%
Salinger?
0%
No matching quizzes found
Score Distribution
Percent of People with Each Score
Percentile by Number Answered
Your Score History
You have not taken this quiz since the last reset